| 000 | 00509nam a2200205Ia 4500 | ||
|---|---|---|---|
| 003 | OSt | ||
| 005 | 20140402075838.0 | ||
| 008 | 140130s9999 xx 000 0 und d | ||
| 020 | _a0439702119 | ||
| 050 |
_aAG 105 _b.M428 2000 |
||
| 100 |
_aMasoff, Joy _931248 |
||
| 245 |
_cJoy Masoff. _aOh! yuck : _bthe encyclopedia / |
||
| 260 |
_bScholastic, _aUSA : _c2000. |
||
| 300 |
_a40 p. : _bcol. ill. ; _c25 cm. |
||
| 440 |
_v1 _931174 |
||
| 521 | _aG8 | ||
| 526 | _c950 | ||
| 942 |
_cBK _2lcc |
||
| 999 |
_c41304 _d41304 |
||